[Event "Condigne Dutch Open 2016"]
[Site "dieren"]
[Date "2016.07.30"]
[Round "5"]
[White "L'Ami, Erwin"]
[Black "Horvath, Csaba"]
[Result "1/2-1/2"]
[WhiteElo "2606"]
[BlackElo "2520"]
[PlyCount "63"]
[EventDate "2016.07.27"]
[EventCountry "NED"]
[TimeControl "6000+780"]
[WhiteClock "0:14:48"]
[BlackClock "0:14:52"]

1. d4 Nf6 2. c4 e6 3. Nf3 b6 4. g3 c6 5. Bg2 Be7 6. O-O d5 7. Qc2 O-O 8. Ne5
Bb7 9. Rd1 Qc8 10. Nc3 dxc4 11. Nxc4 c5 12. Bxb7 Qxb7 13. dxc5 Bxc5 14. Bg5
Nbd7 15. Nd6 Bxd6 16. Rxd6 h6 17. Bxf6 Nxf6 18. Rad1 Rac8 19. Qd3 Rc5 20. Rd8
Rxd8 21. Qxd8+ Kh7 22. Qd3+ Kg8 23. e4 b5 24. Qe3 Rc8 25. e5 Nd7 26. Qd4 Rc7
27. Ne4 Rc2 28. Qxd7 Qxe4 29. Qe8+ Kh7 30. Qxb5 a6 31. Qxa6 Rxb2 32. Qd3
1/2-1/2

[Event "Condigne Dutch Open 2016"]
[Site "dieren"]
[Date "2016.07.30"]
[Round "5"]
[White "Ikonnikov, Vyacheslav"]
[Black "Reinderman, Dimitri"]
[Result "1/2-1/2"]
[WhiteElo "2538"]
[BlackElo "2584"]
[PlyCount "48"]
[EventDate "2016.07.27"]
[EventCountry "NED"]
[TimeControl "6000+1110"]
[WhiteClock "0:50:37"]
[BlackClock "1:06:58"]

1. d4 Nf6 2. Nf3 g6 3. c4 Bg7 4. Nc3 O-O 5. e4 d6 6. Be2 c5 7. O-O cxd4 8. Nxd4
Nc6 9. Be3 Nxd4 10. Bxd4 Bd7 11. Qd2 Bc6 12. f3 a5 13. b3 Nd7 14. Be3 Nc5 15.
Rac1 b6 16. Bh6 Bxh6 17. Qxh6 e5 18. Rfd1 Ra7 19. Rd2 Ne6 20. Bf1 Rd7 21. Rcd1
Nd4 22. Ne2 Ne6 23. Nc3 Nd4 24. Ne2 Ne6 1/2-1/2

[Event "Condigne Dutch Open 2016"]
[Site "dieren"]
[Date "2016.07.30"]
[Round "5"]
[White "Khenkin, Igor"]
[Black "Sandipan, Chanda"]
[Result "1/2-1/2"]
[WhiteElo "2553"]
[BlackElo "2568"]
[PlyCount "64"]
[EventDate "2016.07.27"]
[EventCountry "NED"]
[TimeControl "6000+1455"]
[WhiteClock "0:02:25"]
[BlackClock "0:08:40"]

1. Nf3 d5 2. g3 g6 3. c4 dxc4 4. Qa4+ Nc6 5. Bg2 Bg7 6. O-O e5 7. Qxc4 Nge7 8.
d3 Be6 9. Qa4 h6 10. Nc3 O-O 11. Nd2 a6 12. Nb3 Qd6 13. Ne4 b5 14. Qa3 Qxa3 15.
bxa3 Rad8 16. Bb2 Nd4 17. Nec5 Nxe2+ 18. Kh1 Nd4 19. Bxd4 exd4 20. Nxe6 fxe6
21. Rac1 Nd5 22. Bxd5 exd5 23. Rxc7 Rc8 24. Rc5 Rxc5 25. Nxc5 Rf6 26. Kg2 Rc6
27. Rc1 Bf8 28. Nb3 Rc3 29. a4 Rxd3 30. axb5 axb5 31. Rc7 Rc3 32. Rb7 b4
1/2-1/2

[Event "Condigne Dutch Open 2016"]
[Site "dieren"]
[Date "2016.07.30"]
[Round "5"]
[White "Hausrath, Daniel"]
[Black "Beerdsen, Thomas"]
[Result "1/2-1/2"]
[WhiteElo "2483"]
[BlackElo "2414"]
[PlyCount "167"]
[EventDate "2016.07.27"]
[EventCountry "NED"]
[TimeControl "6000+1520"]
[WhiteClock "0:03:46"]
[BlackClock "0:07:03"]

1. Nf3 Nf6 2. g3 e6 3. Bg2 d5 4. O-O Be7 5. d3 c5 6. c3 b6 7. a3 O-O 8. b4 Nbd7
9. Nbd2 Bb7 10. Bb2 Qc7 11. Qb3 Rfc8 12. Rfe1 a5 13. bxa5 bxa5 14. c4 Rab8 15.
cxd5 exd5 16. Rac1 Qd8 17. Qa2 d4 18. Ng5 Bxg2 19. Qxf7+ Kh8 20. Kxg2 Ne5 21.
f4 Nd5 22. fxe5 Bxg5 23. Nc4 Rc7 24. Qf3 Bxc1 25. Bxc1 Qg8 26. Rf1 Re8 27. Bd2
a4 28. Kg1 h6 29. Qe4 Rd7 30. Qg6 Rf8 31. Rb1 Qf7 32. Qxf7 Rdxf7 33. Nd6 Re7
34. Nc4 Ree8 35. Rb5 Rc8 36. Nd6 Rc6 37. h4 Kh7 38. Kg2 Rc7 39. Kg1 Kg6 40. Kg2
Re7 41. Bf4 Rc7 42. Kf3 Kh5 43. g4+ Kg6 44. h5+ Kh7 45. Nf5 Nxf4 46. Kxf4 c4
47. Ke4 c3 48. Rb1 Rb8 49. Rc1 g6 50. Nxd4 gxh5 51. gxh5 Rc5 52. Ne6 Rc6 53.
Kd5 Rbc8 54. d4 Rb6 55. Nc5 Rb3 56. Nxa4 Rd8+ 57. Kc4 Rxa3 58. Nc5 Ra2 59. e4
c2 60. d5 Rb8 61. d6 Rb1 62. d7 Rxc1 63. d8=Q Rg1 64. Qd7+ Kh8 65. Nb3 c1=Q+
66. Nxc1 Rc2+ 67. Kb3 Rcxc1 68. Qd8+ Kh7 69. Qd7+ Kh8 70. Qd2 Rc6 71. Qd3 Rb6+
72. Kc2 Rc6+ 73. Kb3 Rb6+ 74. Kc4 Rc1+ 75. Kd4 Rcb1 76. Qc2 R6b4+ 77. Ke3 R4b3+
78. Kf4 Rf1+ 79. Kg4 Rb8 80. Kg3 Rg8+ 81. Kh2 Rf4 82. Kh3 Rf3+ 83. Kh2 Rf4 84.
Kh3 1/2-1/2

[Event "Condigne Dutch Open 2016"]
[Site "dieren"]
[Date "2016.07.30"]
[Round "5"]
[White "Maris, Ivo"]
[Black "Pruijssers, Roeland"]
[Result "0-1"]
[WhiteElo "2370"]
[BlackElo "2463"]
[PlyCount "98"]
[EventDate "2016.07.27"]
[EventCountry "NED"]
[TimeControl "6000+935"]
[WhiteClock "0:45:37"]
[BlackClock "0:30:42"]

1. e4 e5 2. Nf3 Nc6 3. d4 exd4 4. Nxd4 Nf6 5. Nc3 Bb4 6. Nxc6 bxc6 7. Bd3 d5 8.
exd5 cxd5 9. O-O O-O 10. h3 c6 11. Qf3 Bd6 12. Bf4 Rb8 13. Rab1 Qc7 14. Ne2 Re8
15. Qg3 Bxf4 16. Nxf4 Ne4 17. Bxe4 Rxe4 18. Nh5 Qxg3 19. Nxg3 Ra4 20. a3 Be6
21. Rfd1 Rc4 22. Rd2 Ra4 23. Rdd1 c5 24. f3 g6 25. Rd3 Rb6 26. Rc3 Rb5 27. Kf2
d4 28. Rd3 Ba2 29. Rc1 Rxb2 30. Ne4 Rc4 31. Rd2 Bb3 32. Kg3 Bxc2 33. Nd6 Rc3
34. Re1 Rb6 35. Re8+ Kg7 36. Rd8 Ba4 37. h4 Rc2 38. Ne8+ Kf8 39. Rxc2 Bxc2 40.
Rc8 Bf5 41. Ra8 Ke7 42. Nc7 Rb7 43. Na6 c4 44. Nc5 Rc7 45. Na6 Rd7 46. Nb8 c3
47. Nxd7 Bxd7 48. Rxa7 c2 49. Rc7 d3 0-1

[Event "Condigne Dutch Open 2016"]
[Site "dieren"]
[Date "2016.07.30"]
[Round "5"]
[White "Maddens, Martijn"]
[Black "Sagar, Shah"]
[Result "0-1"]
[WhiteElo "2126"]
[BlackElo "2433"]
[PlyCount "50"]
[EventDate "2016.07.27"]
[EventCountry "NED"]
[TimeControl "6000+905"]
[WhiteClock "0:07:51"]
[BlackClock "0:26:25"]

1. e4 c6 2. d4 d5 3. f3 e6 4. Nc3 Bb4 5. a3 Bxc3+ 6. bxc3 dxe4 7. Qe2 c5 8.
Qxe4 Nf6 9. Bb5+ Nbd7 10. Qe2 a6 11. Bd3 b5 12. Nh3 cxd4 13. cxd4 Nb6 14. c3
Bb7 15. O-O Rc8 16. Bd2 Nfd5 17. Rfc1 Qe7 18. Nf2 f5 19. Nd1 Nc4 20. a4 O-O 21.
axb5 axb5 22. Rab1 Qd7 23. Nb2 Nxd2 24. Bxb5 Nxc3 25. Rxc3 Qxd4+ 0-1

[Event "Condigne Dutch Open 2016"]
[Site "dieren"]
[Date "2016.07.30"]
[Round "5"]
[White "Debashis, Das"]
[Black "Schippers, Maurice"]
[Result "1-0"]
[WhiteElo "2451"]
[BlackElo "2220"]
[PlyCount "111"]
[EventDate "2016.07.27"]
[EventCountry "NED"]
[TimeControl "6000+850"]
[WhiteClock "0:10:04"]
[BlackClock "0:09:30"]

1. d4 Nf6 2. Nf3 g6 3. c4 b6 4. Nc3 Bb7 5. Qc2 Bg7 6. e4 O-O 7. Be2 c5 8. d5 d6
9. O-O Nbd7 10. Bf4 a6 11. Rad1 b5 12. cxb5 axb5 13. Bxb5 Ba6 14. a4 Qa5 15. b3
Bxb5 16. Nxb5 Qb4 17. Nd2 Nb6 18. Bg5 c4 19. bxc4 Qxa4 20. Qd3 Rfc8 21. Rc1 h6
22. Be3 Nfd7 23. Bxb6 Nxb6 24. Nd4 Nd7 25. Nc6 Ne5 26. Nxe5 Bxe5 27. Nf3 Bg7
28. Rc2 Rab8 29. Qe2 Rb4 30. Rfc1 h5 31. Ng5 Bf6 32. h4 Qb3 33. g3 Qa4 34. Kg2
Qa6 35. Nf3 Bg7 36. Nd2 Rb2 37. Rxb2 Bxb2 38. Rc2 Bd4 39. f4 Qa1 40. Nf3 Bc5
41. f5 Rb8 42. fxg6 fxg6 43. e5 Rf8 44. Ra2 Qc3 45. Qe4 Kh8 46. Rc2 Qa3 47. Rd2
Rf5 48. exd6 exd6 49. Qe8+ Kg7 50. Ng5 Qa1 51. Qe7+ Kg8 52. Qh7+ Kf8 53. Ne6+
Ke8 54. Qg8+ Ke7 55. Qd8+ Kf7 56. Qf8# 1-0

[Event "Condigne Dutch Open 2016"]
[Site "dieren"]
[Date "2016.07.30"]
[Round "5"]
[White "Zwirs, Nico"]
[Black "Gerlagh, Joris"]
[Result "0-1"]
[WhiteElo "2374"]
[BlackElo "2172"]
[PlyCount "122"]
[EventDate "2016.07.27"]
[EventCountry "NED"]
[TimeControl "6000+1410"]
[WhiteClock "0:00:58"]
[BlackClock "0:03:26"]

1. e4 e6 2. d3 c5 3. Nf3 Nc6 4. g3 d5 5. Nbd2 g6 6. Bg2 Bg7 7. O-O Nge7 8. Re1
b6 9. a3 Bb7 10. Rb1 a5 11. a4 Nb4 12. exd5 exd5 13. Nf1 O-O 14. Bg5 Re8 15. h4
Qd7 16. Ne5 Qxa4 17. b3 Qa2 18. c3 Nf5 19. Re2 Bxe5 20. Rxa2 Nxa2 21. Qd2 Nxc3
22. Rc1 Nb5 23. Ne3 Nxe3 24. fxe3 Bxg3 25. Bh3 f5 26. Qg2 Be5 27. h5 Kf7 28.
Rf1 Nd6 29. Qh1 Ke6 30. Bg2 Rg8 31. h6 a4 32. bxa4 Rxa4 33. Bf4 Bxf4 34. exf4
Rd4 35. Qh3 Kd7 36. Re1 Ba6 37. Re5 Rxd3 38. Qh4 g5 39. fxg5 Rd4 40. Qh5 Rg4
41. Rxd5 Rg6 42. Kf2 R4xg5 43. Rxd6+ Kxd6 44. Qd1+ Kc7 45. Bf3 Rg1 46. Qa4 Rf1+
47. Ke3 Re6+ 48. Kd2 Rd6+ 49. Kc2 Bd3+ 50. Kb2 Rf2+ 51. Ka3 Bb1 52. Qa7+ Kd8
53. Qb8+ Kd7 54. Qb7+ Ke6 55. Qc8+ Ke5 56. Bh5 Ra2+ 57. Kb3 Rd3+ 58. Kc4 Rd4+
59. Kb5 Bd3+ 60. Kc6 Be4+ 61. Kc7 Ra8 0-1

[Event "Condigne Dutch Open 2016"]
[Site "dieren"]
[Date "2016.07.30"]
[Round "5"]
[White "Van Foreest, Lucas"]
[Black "Kiremitciyan, Ari"]
[Result "0-1"]
[WhiteElo "2367"]
[BlackElo "2071"]
[PlyCount "62"]
[EventDate "2016.07.27"]
[EventCountry "NED"]
[TimeControl "6000+815"]
[WhiteClock "0:53:08"]
[BlackClock "0:32:38"]

1. e4 e6 2. d4 d5 3. e5 c5 4. c3 Qb6 5. Nf3 Nc6 6. a3 Nh6 7. b4 cxd4 8. cxd4
Nf5 9. Bb2 Bd7 10. g4 Nh6 11. h3 f6 12. Bd3 Nf7 13. Qe2 fxe5 14. dxe5 a6 15.
Nc3 Nd4 16. Nxd4 Qxd4 17. Nb5 Qb6 18. Bd4 Qd8 19. Nc3 Rc8 20. Nxd5 Bc6 21. Be4
Bxd5 22. Rd1 Ng5 23. f3 Nxe4 24. fxe4 Bc4 25. Qf2 Qg5 26. Qf3 Be7 27. h4 Qg6
28. h5 Qf7 29. Qe3 O-O 30. Rd2 Qf1+ 31. Rxf1 Rxf1# 0-1

[Event "Condigne Dutch Open 2016"]
[Site "dieren"]
[Date "2016.07.30"]
[Round "5"]
[White "Sahil, Tickoo"]
[Black "Kollen, Zyon"]
[Result "1-0"]
[WhiteElo "2016"]
[BlackElo "2310"]
[PlyCount "71"]
[EventDate "2016.07.27"]
[EventCountry "NED"]

1. d4 Nf6 2. c4 e6 3. Nc3 Bb4 4. Qc2 d5 5. a3 Bxc3+ 6. Qxc3 Ne4 7. Qc2 c5 8.
dxc5 Nc6 9. cxd5 exd5 10. e3 Bf5 11. Bd3 Qa5+ 12. b4 Nxb4 13. axb4 Qxa1 14. Ne2
Qf6 15. f3 Qh4+ 16. g3 Nxg3 17. Nxg3 Bxd3 18. Qxd3 Qxb4+ 19. Kf2 O-O 20. Nf5
Rfe8 21. Rg1 g6 22. Rg4 d4 23. Qxd4 Qxd4 24. exd4 a5 25. Nd6 Re7 26. Ba3 f6 27.
Rg1 Rd7 28. Rb1 Ra7 29. d5 Ra6 30. Ke3 Kg7 31. Kd4 Ra7 32. c6 bxc6 33. dxc6 Rd8
34. Kc5 g5 35. Kb6 Raa8 36. c7 1-0

[Event "Condigne Dutch Open 2016"]
[Site "dieren"]
[Date "2016.07.30"]
[Round "5"]
[White "Beukema, Stefan"]
[Black "Van Dooren, Dirk"]
[Result "1-0"]
[WhiteElo "2355"]
[BlackElo "2390"]
[PlyCount "45"]
[EventDate "2016.07.27"]
[EventCountry "NED"]

1. e4 c5 2. Nf3 e6 3. d3 Nc6 4. g3 d5 5. Qe2 Be7 6. Bg2 Nf6 7. e5 Nd7 8. h4 h6
9. c4 O-O 10. O-O b6 11. Nc3 d4 12. Ne4 Bb7 13. Bf4 a6 14. g4 f5 15. exf6 Nxf6
16. Ng3 Qd7 17. g5 hxg5 18. hxg5 Ng4 19. Bd2 Nd8 20. Nh4 Bxg2 21. Kxg2 e5 22.
Ne4 Ne6 23. Qxg4 1-0

[Event "Condigne Dutch Open 2016"]
[Site "dieren"]
[Date "2016.07.30"]
[Round "5"]
[White "Milov, Leonid"]
[Black "Nachbar, Benjamin"]
[Result "1-0"]
[WhiteElo "2430"]
[BlackElo "2124"]
[PlyCount "97"]
[EventDate "2016.07.27"]
[EventCountry "NED"]

1. e4 c6 2. Nc3 d5 3. Nf3 Nf6 4. e5 Ne4 5. Ne2 Qb6 6. d4 e6 7. Ng3 c5 8. Bd3
cxd4 9. Nxe4 dxe4 10. Bxe4 Bb4+ 11. Bd2 Nd7 12. c3 dxc3 13. bxc3 Be7 14. O-O
Nc5 15. Bc2 Qc7 16. Re1 b6 17. Nd4 Bb7 18. Qh5 g6 19. Qh6 Bf8 20. Qh4 Be7 21.
Qg3 h5 $11 22. a4 h4 23. Qh3 Rh5 24. Bf4 a6 25. Qg4 O-O-O 26. h3 Bd5 27. Qe2
Kb7 28. f3 Nd7 29. Bd3 Nc5 30. Bc2 Nd7 31. Bd3 Nc5 32. Bc4 Bxc4 33. Qxc4 Nd7
34. Qe2 Nc5 35. Reb1 Rhh8 36. Kh1 Rd5 37. Bh2 Nd7 38. Rb3 Nxe5 39. a5 b5 40.
Nxb5 Qc5 41. Bg1 Qxb5 42. Rxb5+ axb5 43. Bd4 Bf6 44. a6+ Ka8 45. f4 Nd7 46.
Bxf6 Nxf6 47. c4 bxc4 48. Qxc4 Rb8 49. a7 1-0

[Event "Condigne Dutch Open 2016"]
[Site "dieren"]
[Date "2016.07.30"]
[Round "5"]
[White "Hendriks, Willy"]
[Black "Heemskerk, Wim"]
[Result "1/2-1/2"]
[WhiteElo "2407"]
[BlackElo "2201"]
[PlyCount "123"]
[EventDate "2016.07.27"]
[EventCountry "NED"]

1. g3 d5 2. Bg2 c5 3. Nf3 Nc6 4. O-O Nf6 5. c4 e6 6. b3 Be7 7. e3 O-O 8. Bb2 b6
9. Qe2 Bb7 10. Rd1 Qc7 11. Nc3 Rfd8 12. Rac1 dxc4 13. bxc4 a6 14. d3 Rd7 15.
Rb1 Rb8 16. Ba1 Na5 17. Qc2 Bd6 18. Na4 Bc6 19. Bc3 b5 20. cxb5 axb5 21. Bxa5
Qxa5 22. Nxc5 Rc7 23. Nb3 Qa8 24. Qe2 Nd5 25. Rbc1 Nb4 26. Nbd4 Bxf3 27. Bxf3
Qxa2 28. Qxa2 Nxa2 29. Rxc7 Bxc7 30. Nc6 Rb6 31. Rd2 Ra6 32. Rb2 Nc3 33. Rb3
Ra1+ 34. Kg2 Rc1 35. Nd4 g6 36. Nxb5 Nxb5 37. Rxb5 Kf8 38. d4 h5 39. Rb7 Ke7
40. h4 Kd6 41. Ra7 Rc3 42. Be4 Rc1 43. Kf3 Ke7 44. Bd3 Kf6 45. Rb7 Ba5 46. Ra7
Bd8 47. Bb5 Rc7 48. Ra8 Be7 49. e4 Bb4 50. Ra4 Bc3 51. Bd3 e5 52. d5 Ke7 53.
Ke2 Bd4 54. f4 Rb7 55. Rc4 Ra7 56. Rc2 Rb7 57. Rc6 Kd7 58. Bc2 Ra7 59. f5 gxf5
60. exf5 Ra3 61. f6 e4 62. Rc4 1/2-1/2

[Event "Condigne Dutch Open 2016"]
[Site "dieren"]
[Date "2016.07.30"]
[Round "5"]
[White "Van Meegen, Ruud"]
[Black "Geurink, Jasper"]
[Result "0-1"]
[WhiteElo "2201"]
[BlackElo "2359"]
[PlyCount "80"]
[EventDate "2016.07.27"]
[EventCountry "NED"]

1. d4 e6 2. c4 f5 3. g3 Nf6 4. Bg2 c6 5. Nf3 d5 6. O-O Bd6 7. b3 Qe7 8. Bb2 O-O
9. Ne5 Nbd7 10. Nd2 a5 11. Ndf3 Ne4 12. Nd3 b6 13. Nfe5 Nxe5 14. Nxe5 Bxe5 15.
dxe5 Bb7 16. Qc2 c5 17. Rad1 d4 18. Qd3 Ng5 19. f3 f4 20. Bc1 fxg3 21. hxg3 Nf7
22. f4 Nh6 23. e3 dxe3 24. Qxe3 Nf5 25. Qf2 h5 26. Rd3 Bxg2 27. Qxg2 Rad8 28.
Rfd1 Rxd3 29. Rxd3 Rd8 30. Qd2 Rxd3 31. Qxd3 Qf7 32. Kf2 Qg6 33. Qf3 Nd4 34.
Qd1 Qe4 35. Be3 Nf5 36. Bc1 Nh6 37. Kg1 Ng4 38. Qd8+ Kh7 39. Qd1 Kg6 40. Bd2
Qd4+ 0-1

[Event "Condigne Dutch Open 2016"]
[Site "dieren"]
[Date "2016.07.30"]
[Round "5"]
[White "Vrolijk, Liam"]
[Black "De Jong, Migchiel"]
[Result "0-1"]
[WhiteElo "2213"]
[BlackElo "2342"]
[PlyCount "44"]
[EventDate "2016.07.27"]
[EventCountry "NED"]

1. d4 e6 2. c4 Bb4+ 3. Nd2 Nf6 4. Ngf3 O-O 5. a3 Be7 6. e4 d6 7. Bd3 Nbd7 8.
O-O e5 9. b3 Nh5 10. Bb2 Nf4 11. Bc2 Bf6 12. d5 g6 13. b4 Bg7 14. Nb3 f5 15.
exf5 gxf5 16. g3 Nh3+ 17. Kg2 Ng5 18. Nxg5 Qxg5 19. f4 Qh6 20. Qd2 a5 21. Nxa5
exf4 22. Bxg7 f3+ 0-1

[Event "Condigne Dutch Open 2016"]
[Site "dieren"]
[Date "2016.07.30"]
[Round "5"]
[White "Maatman, Nick"]
[Black "Evengroen, Henk-Jan"]
[Result "1-0"]
[WhiteElo "2314"]
[BlackElo "2179"]
[PlyCount "83"]
[EventDate "2016.07.27"]
[EventCountry "NED"]

1. d4 Nf6 2. c4 g6 3. Nc3 Bg7 4. e4 d6 5. Nf3 O-O 6. h3 e5 7. d5 c6 8. Be3 Qa5
9. Nd2 Nh5 10. g3 a6 11. Be2 Nf6 12. g4 b5 13. g5 Ne8 14. dxc6 Nxc6 15. cxb5
Nd4 16. Nb3 Qd8 17. Nxd4 exd4 18. Bxd4 Qxg5 19. h4 Qf4 20. Bxg7 Nxg7 21. Qd2
Qxd2+ 22. Kxd2 f5 23. f3 fxe4 24. fxe4 axb5 25. Bxb5 Rf2+ 26. Be2 Be6 27. Ke3
Rff8 28. a4 Rfe8 29. Kd2 Rab8 30. Bb5 Red8 31. Ra3 Nh5 32. Rf1 Kg7 33. Ne2 Nf6
34. Kd3 Ng4 35. Kd4 Ne5 36. Rc3 Rf8 37. Rc7+ Kh6 38. Rxf8 Rxf8 39. a5 Nf3+ 40.
Ke3 d5 41. Nf4 Bg4 42. Nxd5 1-0

[Event "Condigne Dutch Open 2016"]
[Site "dieren"]
[Date "2016.07.30"]
[Round "5"]
[White "Schoppen, Casper"]
[Black "Evengroen, Jan"]
[Result "1-0"]
[WhiteElo "2298"]
[BlackElo "2097"]
[PlyCount "131"]
[EventDate "2016.07.27"]
[EventCountry "NED"]

1. e4 e6 2. d4 d5 3. Nc3 Bb4 4. e5 c5 5. a3 Bxc3+ 6. bxc3 Ne7 7. Qg4 Qc7 8. Bd3
c4 9. Be2 g6 10. Nf3 Bd7 11. Qf4 Ba4 12. Ra2 Ng8 13. O-O Nc6 14. Qh4 Nce7 15.
Bg5 O-O-O 16. h3 Re8 17. g4 h6 18. Be3 g5 19. Qg3 Ng6 20. Kg2 N8e7 21. Rh1 Qb6
22. h4 Reg8 23. hxg5 hxg5 24. Raa1 Nf4+ 25. Bxf4 Rxh1 26. Rxh1 gxf4 27. Qxf4
Bxc2 28. Qxf7 Rxg4+ 29. Kf1 Kd7 30. Ne1 Bg6 31. Qf8 Rg5 32. Bd1 Qb1 33. Be2 Be4
34. f3 Rf5 35. Qb8 Bxf3 36. Bxf3 Rxf3+ 37. Kg2 Qg6+ 38. Kxf3 Qe4+ 39. Kf2 Qxh1
40. Qd6+ Ke8 41. Qxe6 Qh4+ $11 42. Ke2 Qh2+ 43. Kd1 Qg3 44. Qf6 Qxc3 45. e6
Qa1+ 46. Ke2 Qb2+ 47. Kf1 Qxa3 48. Qh8+ Ng8 49. Qh5+ Kd8 50. Qxd5+ Kc7 51. Qd7+
Kb6 52. Qd8+ Ka6 53. Qxg8 c3 54. Qh7 Qd6 55. Qe4 Qe7 56. Ke2 Ka5 57. d5 b5 58.
Nc2 Qc7 59. d6 Qxd6 60. Qb4+ Qxb4 61. Nxb4 Kxb4 62. e7 Kb3 63. e8=Q b4 64. Kd3
a5 65. Qe6+ Ka3 66. Kc2 1-0

[Event "Condigne Dutch Open 2016"]
[Site "dieren"]
[Date "2016.07.30"]
[Round "5"]
[White "Van Osch, Mees"]
[Black "Mokal, Amruta Sunil"]
[Result "1-0"]
[WhiteElo "2275"]
[BlackElo "2078"]
[PlyCount "89"]
[EventDate "2016.07.27"]
[EventCountry "NED"]

1. e4 c5 2. Nf3 e6 3. d4 cxd4 4. Nxd4 a6 5. Bd3 Bc5 6. Nb3 Ba7 7. O-O Nc6 8.
Qg4 Nf6 9. Qxg7 Rg8 10. Qh6 Rg6 11. Qh4 Ne5 12. Be2 d5 13. Bg5 h6 14. Bxf6 Qxf6
15. Qxf6 Rxf6 16. N1d2 Bd7 17. exd5 exd5 18. Nf3 Ng6 19. g3 Bh3 20. Rfe1 O-O-O
21. Nfd4 Nf4 22. Bf1 Bxf1 23. Kxf1 Ne6 24. Rad1 h5 25. h4 Rg8 26. Re3 Rg4 27.
c3 Re4 28. Rxe4 dxe4 29. Re1 Nxd4 30. Nxd4 Rb6 31. b3 Rd6 32. Rxe4 Kd7 33. Ke2
f6 34. f3 b5 35. Nf5 Rd5 36. g4 Bc5 37. c4 bxc4 38. bxc4 Re5 39. Rxe5 fxe5 40.
g5 Ke6 41. Ng7+ Kf7 42. Nxh5 Kg6 43. Ng3 Bg1 44. Kd3 Bf2 45. h5+ 1-0

[Event "Condigne Dutch Open 2016"]
[Site "dieren"]
[Date "2016.07.30"]
[Round "5"]
[White "Vedder, Richard"]
[Black "Van der Zon, Stef"]
[Result "0-1"]
[WhiteElo "2268"]
[BlackElo "2057"]
[PlyCount "124"]
[EventDate "2016.07.27"]
[EventCountry "NED"]

1. e4 c5 2. Nf3 Nc6 3. d4 cxd4 4. Nxd4 Nf6 5. Nc3 e5 6. Ndb5 d6 7. Bg5 a6 8.
Na3 b5 9. Nd5 Be7 10. Bxf6 Bxf6 11. c3 Bg5 12. Nc2 Rb8 13. a4 bxa4 14. Ncb4
Nxb4 15. Nxb4 Bd7 16. Bxa6 Qa5 17. Qd5 Qxd5 18. exd5 O-O 19. O-O f5 20. Ra2 e4
21. Nc6 Rb6 22. Bc4 f4 23. Rxa4 Rxb2 24. Ra7 Bg4 25. h3 Bh5 26. Ne7+ Kh8 27.
Nf5 e3 28. Nxg7 exf2+ 29. Rxf2 Rxf2 30. Kxf2 Bh4+ 31. Kf1 Bg6 32. Ne6 Rb8 33.
Ke2 Bh5+ 34. Kd2 Bf2 35. Rd7 Be3+ 36. Kc2 Bg6+ 37. Bd3 Be8 38. Rd8 Rxd8 39.
Nxd8 Bh5 40. Be4 Kg7 41. Kd3 Bc1 42. Kc2 Be3 43. Nb7 Kf6 44. Kd3 Ke5 45. c4 h6
46. Bf3 Bg6+ 47. Kc3 Bb6 48. Kb4 Be8 49. Bg4 Kd4 50. Be6 Bc7 51. Bg4 Bg6 52.
Bf3 Be8 53. Kb3 Bd7 54. c5 dxc5 55. d6 Bb6 56. Bg4 Bc6 57. Bf3 c4+ 58. Kc2 Ba4+
59. Kc1 c3 60. d7 Bxd7 61. Nd6 Bc5 62. Ne4 Ba3+ 0-1

[Event "Condigne Dutch Open 2016"]
[Site "dieren"]
[Date "2016.07.30"]
[Round "5"]
[White "Zwirs, Jasper"]
[Black "Lecomte, Robin"]
[Result "1/2-1/2"]
[WhiteElo "2071"]
[BlackElo "2288"]
[PlyCount "95"]
[EventDate "2016.07.27"]
[EventCountry "NED"]

1. e4 e5 2. Nf3 Nc6 3. Bc4 Bc5 4. d3 Nf6 5. O-O d6 6. c3 O-O 7. Re1 h6 8. a4 a5
9. Na3 Re8 10. Nc2 Be6 11. Bb5 Bd7 12. Be3 Bxe3 13. Nxe3 Ne7 14. Bc4 Be6 15.
Qb3 Bxc4 16. Nxc4 Qd7 17. d4 Ng6 18. dxe5 dxe5 19. Rad1 Qc6 20. Qb5 Qxb5 21.
axb5 b6 22. g3 Re7 23. Kg2 Rae8 24. h4 h5 25. Nfd2 $11 Rd8 26. Kf3 Red7 27. Ke2
Ng4 28. f3 Nh6 29. Nf1 f6 30. Nfe3 Ne7 31. Rxd7 Rxd7 32. Rd1 Rxd1 33. Kxd1 Nf7
34. Ke2 Kf8 35. Nd5 Nxd5 36. exd5 Nd6 37. Nxd6 cxd6 38. f4 Kf7 39. fxe5 fxe5
40. Ke3 Kf6 41. b3 Kf5 42. Kd3 g5 43. hxg5 Kxg5 44. c4 Kf5 45. Ke3 Kg5 46. Kf3
Kf5 47. Ke3 Kg5 48. Kf3 1/2-1/2

[Event "Condigne Dutch Open 2016"]
[Site "dieren"]
[Date "2016.07.30"]
[Round "5"]
[White "Elgersma, Simon"]
[Black "Vos, Tjark"]
[Result "1/2-1/2"]
[WhiteElo "1981"]
[BlackElo "2156"]
[PlyCount "152"]
[EventDate "2016.07.27"]
[EventCountry "NED"]

1. e4 c5 2. Nf3 d6 3. d4 cxd4 4. Nxd4 Nf6 5. Nc3 Nc6 6. Bg5 Bd7 7. f4 Rc8 8.
Nb3 a6 9. a4 e6 10. Qd2 h6 11. Bh4 Nxe4 12. Nxe4 Qxh4+ 13. g3 Qe7 14. O-O-O d5
15. Nec5 Nb8 16. Nxd7 Qxd7 17. f5 Be7 18. Kb1 O-O 19. fxe6 fxe6 20. Bh3 Bf6 21.
Rhe1 Rfe8 22. Qe3 Qxa4 23. Bxe6+ Kh8 24. Qd3 Rcd8 25. Qg6 Nd7 26. Bf5 Nf8 27.
Qh5 Qc6 28. Rxe8 Rxe8 29. Nd4 Bxd4 30. Rxd4 Re5 31. Rd1 Qf6 32. g4 Nd7 33. Qh3
Nb6 34. Bd3 Nc4 35. c3 Re3 36. Qg2 Rf3 37. Bf5 Rxf5 38. gxf5 Qxf5+ 39. Ka1 Ne3
40. Qe2 Nxd1 41. Qxd1 b5 42. Qe2 Qe4 43. Qf2 Kh7 44. b4 Kg8 45. Kb2 Qe6 46. Ka3
Qc6 47. Qf3 Qd6 48. Kb3 Kh8 49. h4 Qe6 50. Kb2 Kh7 51. Qg2 Qe4 52. Qf2 Kg8 53.
Ka3 a5 54. bxa5 Qa4+ 55. Kb2 b4 56. Qc5 Qa3+ 57. Kb1 Qb3+ 58. Kc1 bxc3 59. Qc8+
Kf7 60. Qf5+ Ke7 61. Qe5+ Kd8 62. Qd6+ Kc8 63. Qc6+ Kb8 64. Qd6+ Kb7 65. Qd7+
Ka6 66. Qc6+ Kxa5 67. Qa8+ Kb4 68. Qf8+ Kc4 69. Qf1+ Kc5 70. Qf8+ Kc6 71. Qc8+
Kd6 72. Qf8+ Ke6 73. Qc8+ Kf6 74. Qd8+ Kg6 75. h5+ Kh7 76. Qh8+ Kxh8 1/2-1/2

[Event "Condigne Dutch Open 2016"]
[Site "dieren"]
[Date "2016.07.30"]
[Round "5"]
[White "Bus, Tom"]
[Black "Van Mierlo, Guido"]
[Result "1-0"]
[WhiteElo "2226"]
[BlackElo "2116"]
[PlyCount "69"]
[EventDate "2016.07.27"]
[EventCountry "NED"]

1. Nf3 Nf6 2. g3 b6 3. Bg2 Bb7 4. O-O e6 5. d4 Be7 6. c4 O-O 7. d5 Na6 8. Nc3
Bb4 9. Nh4 Bxc3 10. bxc3 e5 11. e4 d6 12. f4 exf4 13. Bxf4 Nd7 14. Nf5 Ne5 15.
Qh5 Bc8 16. Nxg7 Kxg7 17. Qh6+ Kg8 18. Bxe5 dxe5 19. Rf6 Nc5 20. Raf1 Nd7 21.
R1f5 Kh8 22. Rxf7 Rxf7 23. Rxf7 Qg8 24. Qe6 Qg5 25. Qe8+ Qg8 26. Qe7 Ba6 27.
Qxd7 Rf8 28. Rxf8 Qxf8 29. Qxc7 Qa3 30. Qxe5+ Kg8 31. Qb8+ Kg7 32. Qxa7+ Kg8
33. Qb8+ Kg7 34. Qe5+ Kg8 35. h4 1-0

[Event "Condigne Dutch Open 2016"]
[Site "dieren"]
[Date "2016.08.01"]
[Round "6"]
[White "Sagar, Shah"]
[Black "L'Ami, Erwin"]
[Result "1/2-1/2"]
[WhiteElo "2433"]
[BlackElo "2606"]
[PlyCount "148"]
[EventDate "2016.07.27"]
[EventCountry "NED"]
[TimeControl "6000+1320"]
[WhiteClock "0:01:55"]
[BlackClock "0:01:46"]

1. d4 Nf6 2. c4 e6 3. Nf3 b6 4. g3 c6 5. Nc3 d5 6. cxd5 cxd5 7. Ne5 Be7 8. Qa4+
Nfd7 9. e4 dxe4 10. Bg2 Bb7 11. Nxe4 Bd5 12. O-O O-O 13. Bf4 Qe8 14. Rac1 Nxe5
15. Qxe8 Rxe8 16. dxe5 Na6 17. a3 Red8 18. b4 Rd7 19. Rfd1 Rad8 20. Rd3 Nc7 21.
Nf6+ gxf6 22. exf6 Bd6 23. Bxd6 Bxg2 24. Bxc7 Rxd3 25. Bxd8 Bb7 26. Be7 Rxa3
27. g4 h5 28. gxh5 Kh7 29. Bf8 Bf3 30. h6 a5 31. bxa5 Rxa5 32. h4 Ra8 33. Bd6
Kxh6 34. Rb1 Kh5 35. Rxb6 Kxh4 36. Kh2 Kg5 37. Kg3 Bd5 38. Be7 Ra1 39. f4+ Kf5
40. Rb4 Rf1 41. Bd6 Rf3+ 42. Kh2 Kxf6 43. Kg1 Kf5 44. Rb8 Ke4 45. Rb4+ Ke3 46.
Bc5+ Kd3 47. Bd6 Rg3+ 48. Kh2 Rg6 49. Ra4 Rg2+ 50. Kh3 Rg8 51. Ra7 f6 52. Rf7
f5 53. Ra7 Ke2 54. Kh4 Bf3 55. Ra2+ Ke3 56. Ra3+ Kf2 57. Bc5+ Kg2 58. Ra2+ Kh1
59. Ra1+ Kh2 60. Ra2+ Bg2 61. Bd6 Rg4+ 62. Kh5 Kg3 63. Kh6 Bf3 64. Ra4 Rg8 65.
Ra7 Rd8 66. Be5 Bd5 67. Ra3+ Kg4 68. Kg6 Rg8+ 69. Kf7 Rc8 70. Ra4 Rc2 71. Kf6
Re2 72. Ra1 Re4 73. Rg1+ Kf3 74. Rf1+ Kg2 1/2-1/2